UBT Library

British economic statistics; (Record no. 287)

000 -LEADER
fixed length control field 00824cam a22002411 4500
005 - DATE AND TIME OF LATEST TRANSACTION
control field 20131112083805.0
008 - FIXED-LENGTH DATA ELEMENTS--GENERAL INFORMATION
fixed length control field 751203s1954 enkad 000 0 eng
041 0# - LANGUAGE CODE
Language code of text/sound track or separate title eng
080 ## - UNIVERSAL DECIMAL CLASSIFICATION NUMBER
Universal Decimal Classification number 338.942
100 1# - Rafti
Rafti Carter, Charles Frederick.
245 10 - TITLE STATEMENT
Title British economic statistics;
Statement of responsibility, etc a report by C. F. Carter and A. D. Roy.
260 ## -
-- Cambridge Eng.
-- University Press,
-- 1954.
300 ## -
-- vii, 188 p.
-- illus., tables.
-- 24 cm.
410 20 - SERIES STATEMENT/ADDED ENTRY--CORPORATE NAME [OBSOLETE, CAN/MARC], [LOCAL, USA]
Corporate name or jurisdiction name as entry element National Institute of Economic and Social Research.
Title of a work Economic and social studies.
Volume number/sequential designation no. 14.
500 ## -
-- Preface : f. VII
504 ## - BIBLIOGRAPHY, ETC. NOTE
Bibliography, etc Bibliography: p. 164-169.
650 #0 -
-- Statistika
650 #0 -
-- Poltika ekonomike
651 #0 -
-- Great Britain
-- Statistika
651 #0 -
-- Great Britain
-- Poltika ekonomike
700 1# -
-- Roy, Andrew Donald
-- joint author.
942 ## - ADDED ENTRY ELEMENTS (KOHA)
Source of classification or shelving scheme
Item type Books
Holdings
Withdrawn status Lost status Source of classification or shelving scheme Damaged status Not for loan Collection code Permanent location Current location Shelving location Date acquired Total Checkouts Full call number Barcode Date last seen Koha item type
          Koleksioni i përgjithshem UBT - Prishtine UBT - Prishtine Koleksioni i përgjithshem 11/12/2013   338.942 CAR 001-000355 11/12/2013 Books
UBT Library © 2015-2024. All rights reserved University Education for Business and Technology